<?xml version="1.0" encoding="UTF-8"?>
<collection xmlns="http://www.loc.gov/MARC21/slim">
 <record>
  <leader>00481pamaa2200157   4500</leader>
  <controlfield tag="001">0000037845</controlfield>
  <controlfield tag="005">20060421090000.0</controlfield>
  <datafield tag="020" ind1="0" ind2="0">
   <subfield code="a">0827349882 (pbk) </subfield>
  </datafield>
  <datafield tag="082" ind1=" " ind2=" ">
   <subfield code="a">616 KRE 1994</subfield>
  </datafield>
  <datafield tag="090" ind1="0" ind2="0">
   <subfield code="a">R728 </subfield>
   <subfield code="b">KRE 1994</subfield>
  </datafield>
  <datafield tag="100" ind1="1" ind2="0">
   <subfield code="a">KREBS </subfield>
  </datafield>
  <datafield tag="245" ind1="1" ind2="0">
   <subfield code="a">Student workbook medical assisting : </subfield>
   <subfield code="b">clinical competencies  </subfield>
   <subfield code="c">Connie Krebs, Barbara A. Wise.</subfield>
  </datafield>
  <datafield tag="260" ind1="0" ind2="0">
   <subfield code="a">Albany; New York: </subfield>
   <subfield code="b">Delmar Publishers, </subfield>
   <subfield code="c">1994.</subfield>
  </datafield>
  <datafield tag="300" ind1=" " ind2=" ">
   <subfield code="a">ix, 325p.: </subfield>
   <subfield code="b">ill.; </subfield>
   <subfield code="c">28cm.</subfield>
  </datafield>
  <datafield tag="650" ind1="0" ind2="0">
   <subfield code="a">Microbiology </subfield>
  </datafield>
  <datafield tag="650" ind1="0" ind2="0">
   <subfield code="a">Medical microbiology </subfield>
  </datafield>
 </record>
</collection>
